01005nam a2200229 i 450000100060000000300090000600500170001500700030003200800410003502000180007608000400009410000460013424501130018026001390029330000200043249000570045250400300050960000800053971000390061983000540065885200630071267130ES-MaACL20250806062531.0t|891025s1988 sp |||| | spa d a84-505-7343-2 a860 Montengón, Pedro 7 Eusebio.061 aPérez-Rioja, José Antonio,d1917-201113aUn best-seller del siglo XVIII b: la novela "Eusebio", de Montengón / cpor José Antonio Pérez Rioja. aMadrid : bAyuntamiento de Madrid, Área de Cultura, Educación, Juventud y Deportes : bInstituto de Estudios Madrileños, c1988. a23 p ; c22 cm.1 aCiclo de conferencias: El Madrid de Carlos III ; v3 aBibliografía: p. 21-22.14aMontengón, Pedro (d1745-1824). tEusebio-xCrítica e interpretación.2 aInstituto de Estudios Madrileños00aCiclo de conferencias: El Madrid de Carlos IIIv3 aES-MaACLj2172-F-8 z. - Dedicatoria autógrafa del autor